All KATSEYE Songs (Updated Apr 2026) - Statistics

General Stats
  • This quiz has been taken 92 times
    9 since last reset
  • The average score is 14 of 15
Answer Stats
EP # Song % Correct
SIS (Soft Is Strong) 1 Debut
100%
BEAUTIFUL CHAOS 2 Gabriela
100%
BEAUTIFUL CHAOS 3 Gameboy
100%
BEAUTIFUL CHAOS 1 Gnarly
100%
SIS (Soft Is Strong) 4 I'm Pretty
100%
BEAUTIFUL CHAOS 4 Mean Girls
100%
BEAUTIFUL CHAOS 5 M.I.A
100%
SIS (Soft Is Strong) 3 My Way
100%
WILD 1 PINKY UP
100%
SIS (Soft Is Strong) 5 Tonight I Might
100%
Other/Singles - Internet Girl
89%
SIS (Soft Is Strong) 2 Touch
89%
Other/Singles - Flame
67%
Other/Singles - Time Lapse
67%
Other/Singles - Monster High Fright Song
56%
No matching quizzes found
Score Distribution
Percent of People with Each Score
Percentile by Number Answered
Your Score History
You have not taken this quiz since the last reset